| 000 | 00540nam a22001932 4500 | ||
|---|---|---|---|
| 001 | 0000002711 | ||
| 005 | 20170406114435.0 | ||
| 008 | 140331s xx 000 0 eng d | ||
| 020 | _c$ | ||
| 040 |
_aYour Holding Symbol _cYour Holding Symbol |
||
| 100 | 1 | _aDioGuardi,Joseph J. | |
| 245 | 1 | 0 |
_aUnaccountable congresss : _bit doesn't add up. |
| 250 | _a ed. | ||
| 260 |
_aWashington : _bGaterway, _c1992. |
||
| 300 |
_a128 p. ; _c cm. |
||
| 504 | _aindex. | ||
| 650 | 0 | _awaste in govenment spending. | |
| 908 | _a140331 | ||
| 999 |
_c2597 _d2597 |
||